000
00210 a2200097 4500
001
17769
100
_a
Rahman, M H
245
_a
Leadership Junior commanders
260
_a
_b
Ferozsons
_c
090
_c
13136
_d
13136
942
_a
NUST-CAE
_c
M
_c
3488
999
_c
252842
_d
252842